| 000 | 00367nam a2200145Ia 4500 | ||
|---|---|---|---|
| 008 | 230917s9999||||xx |||||||||||||| ||und|| | ||
| 040 |
_e195085 _aMAIN |
||
| 041 | _aEnglish | ||
| 082 | _a642.4 S72M | ||
| 100 | _aShock, Patti J | ||
| 245 | 0 | _aMeeting planner's guide to catered events | |
| 260 |
_aHoboken _bJohn Wiley _c2009 |
||
| 300 | _aix, 310 p. | ||
| 942 | _cBK | ||
| 999 |
_c164975 _d164975 |
||